• 首页
  • 本馆介绍
  • 公告通知
  • 最新文献
  • 馆藏检索
  • 电子资源
  • 读者导购
  • 参考咨询
  • 我的图书馆
  • 登录
  • 详细信息显示
  • 放入我的书架
  • 预约/预借图书
  • 作者相关作品
  • 分类相关作品
  • 丛书相关作品
  • 出版社相关作品

书目信息

  • 表格格式
  • 工作单格式
  • 卡片格式
题名:
发展中国家WTO 的政治经济关系
    
 
作者: 张向晨
分册:  
出版信息: 北京   法律出版社  1999
页数: 290
开本: 21cm
丛书名:
单 册:
中图分类: F112.1
科图分类:
主题词: 经济--世界 , 国际经济关系
电子资源:
ISBN: 7-5036-1644-X
000 00579nam0 2200193 450
001 0760515518
005 20070817164835.51
010    @a7-5036-1644-X@d¥20.00
100    @a20070817d km y0chiy0120 ea
101 0  @achi
200 1  @a发展中国家WTO 的政治经济关系@Afa zhan zhong guo jia WTO de zheng zhi jing ji guan xi@f张向晨@Fzhang xiang chen
210    @a北京@c法律出版社@d1999
215    @a290@d21cm
606 0  @a经济@x世界
606 0  @a国际经济关系
690    @aF112.1@v3
701  0 @a张向晨@Azhang xiang chen
801  0 @aCN@bPFT@c20070817
905    @a213230@dF112.1@eg13@f1
    
    发展中国家WTO 的政治经济关系/张向晨.-北京:法律出版社,1999
    290;21cm
    
    
    ISBN 7-5036-1644-X:¥20.00
    
●
相关链接 在E读中查询图书 在五车中查询图书 在当当中查询图书 在豆瓣中查询图书


正题名:发展中国家WTO 的政治经济关系     索取号:F112.1/g13         预约/预借

序号 登录号 条形码 馆藏地/架位号 状态 备注
1 6501734   265017340   密集书库-海洋学院/ [索取号:F112.1/g13] 在馆    
唐山师范学院图书馆 欢迎您!
大连网信软件有限公司© 版权所有